<?xml version="1.0" encoding="UTF-8"?>
<collection xmlns="http://www.loc.gov/MARC21/slim">
<record>
  <controlfield tag="001">79335</controlfield>
  <controlfield tag="005">20210520140804.0</controlfield>
  <datafield tag="037" ind1=" " ind2=" ">
    <subfield code="a">TESIS-2019-099</subfield>
  </datafield>
  <datafield tag="041" ind1=" " ind2=" ">
    <subfield code="a">spa</subfield>
  </datafield>
  <datafield tag="080" ind1=" " ind2=" ">
    <subfield code="a">903; 902</subfield>
  </datafield>
  <datafield tag="100" ind1="1" ind2=" ">
    <subfield code="a">García Simón, Luis Miguel</subfield>
  </datafield>
  <datafield tag="245" ind1="0" ind2="0">
    <subfield code="a">Sílex y  territorio en la Cuenca del Ebro: los sílex Monegros y Evaporítico del Ebro vs. las variedades locales durante la Prehistoria</subfield>
  </datafield>
  <datafield tag="260" ind1=" " ind2=" ">
    <subfield code="a">Zaragoza</subfield>
    <subfield code="b">Universidad de Zaragoza, Prensas de la Universidad</subfield>
    <subfield code="c">2018</subfield>
  </datafield>
  <datafield tag="300" ind1=" " ind2=" ">
    <subfield code="a">416</subfield>
  </datafield>
  <datafield tag="490" ind1="0" ind2=" ">
    <subfield code="a">Tesis de la Universidad de Zaragoza</subfield>
    <subfield code="v">2019-79</subfield>
    <subfield code="x">2254-7606</subfield>
  </datafield>
  <datafield tag="500" ind1=" " ind2=" ">
    <subfield code="a">Presentado:  23 03 2018</subfield>
  </datafield>
  <datafield tag="502" ind1=" " ind2=" ">
    <subfield code="a">Tesis-Univ. Zaragoza, Ciencias de la Antigüedad, 2018</subfield>
    <subfield code="b">Zaragoza, Universidad de Zaragoza</subfield>
    <subfield code="c">2018</subfield>
  </datafield>
  <datafield tag="520" ind1=" " ind2=" ">
    <subfield code="a">La presente Tesis Doctoral tiene como objeto profundizar en el conocimiento de las sociedades que habitaron el Valle del Ebro durante la Prehistoria, a través del estudio de las materias primas silíceas del registro arqueológico. &lt;br />Este trabajo se circunscribe físicamente al ámbito geográfico y geológico del tramo medio del Valle del Ebro, y cronológicamente a los periodos crono-culturales comprendidos entre el Paleolítico superior y el Neolítico medio, incluyendo las etapas Epipaleolíticas/Mesolíticas.&lt;br />La Arqueopetrología ha aportado el método y las técnicas científicas para llevar a cabo este cometido, comenzando por la definición y el conocimiento de la roca objeto de estudio, el sílex, y finalizando con la adecuación a nuestras necesidades de trabajo de las metodologías de análisis desarrolladas hasta la actualidad.&lt;br />Ha sido posible analizar y caracterizar petrográficamente dos litologías silíceas presentes de la Depresión del Ebro: los sílex Monegros y Evaporítico del Ebro, de gran calidad, y cuyo uso ha sido atestiguado arqueológicamente como trazador de largas distancias.&lt;br />El trabajo se completa con el estudio de los restos líticos de dos conjuntos arqueológicos de la Cuenca media del Ebro, el del Arba de Biel al noroeste y el del Arenal de Fonseca al sudeste. Esto nos ha permitido reconocer las estrategias de explotación, aprovisionamiento y empleo del sílex por los grupos humanos que dejaron huella de su paso en las estribaciones de los Pirineos y de la Ibérica respectivamente, valorando el aprovechamiento diferencial de los recursos silíceos locales (Lezas y Guadalope) frente a los de procedencia regional (Monegros y Evaporítico del Ebro).&lt;br /></subfield>
  </datafield>
  <datafield tag="506" ind1=" " ind2=" ">
    <subfield code="a">by-nc-nd</subfield>
    <subfield code="b">Creative Commons</subfield>
    <subfield code="c">3.0</subfield>
    <subfield code="u">http://creativecommons.org/licenses/by-nc-nd/3.0/es</subfield>
  </datafield>
  <datafield tag="520" ind1=" " ind2=" ">
    <subfield code="a">&lt;br /></subfield>
  </datafield>
  <datafield tag="521" ind1=" " ind2=" ">
    <subfield code="9">7065</subfield>
    <subfield code="a">Programa de Doctorado en Ciencias de la Antigüedad</subfield>
  </datafield>
  <datafield tag="653" ind1="1" ind2=" ">
    <subfield code="a">prehistoria</subfield>
  </datafield>
  <datafield tag="653" ind1="1" ind2=" ">
    <subfield code="a">arquogia</subfield>
  </datafield>
  <datafield tag="653" ind1="1" ind2=" ">
    <subfield code="a">petrologia sedimentaria</subfield>
  </datafield>
  <datafield tag="700" ind1=" " ind2=" ">
    <subfield code="a">MONTES RAMIREZ, LOURDES</subfield>
    <subfield code="e">dir.</subfield>
  </datafield>
  <datafield tag="700" ind1=" " ind2=" ">
    <subfield code="a">DOMINGO MARTINEZ, RAFAEL ANTONIO</subfield>
    <subfield code="e">dir.</subfield>
  </datafield>
  <datafield tag="710" ind1="2" ind2=" ">
    <subfield code="a">Universidad de Zaragoza</subfield>
    <subfield code="b">Ciencias de la Antigüedad</subfield>
  </datafield>
  <datafield tag="830" ind1=" " ind2=" ">
    <subfield code="9">477</subfield>
  </datafield>
  <datafield tag="856" ind1="0" ind2=" ">
    <subfield code="f">tdr@unizar.es</subfield>
  </datafield>
  <datafield tag="856" ind1="4" ind2=" ">
    <subfield code="u">http://zaguan.unizar.es/record/79335/files/TESIS-2019-099.pdf</subfield>
    <subfield code="s">527375575</subfield>
  </datafield>
  <datafield tag="909" ind1="C" ind2="O">
    <subfield code="o">oai:zaguan.unizar.es:79335</subfield>
    <subfield code="p">driver</subfield>
    <subfield code="p">tesis</subfield>
  </datafield>
  <datafield tag="910" ind1="2" ind2=" ">
    <subfield code="b">Ciencias de la Antigüedad</subfield>
  </datafield>
  <datafield tag="980" ind1=" " ind2=" ">
    <subfield code="a">TESIS</subfield>
  </datafield>
</record>
</collection>